000
00223 a2200097 4500
001
10519
100
_a
Maxwells, E A
245
_a
Methods of place projective geometry.
260
_a
_b
Eng Language
_c
090
_c
8134
_d
8134
942
_a
NUST-CAE
_c
34861
_c
M
999
_c
245592
_d
245592